| 000 | 01224nam a22003497a 4500 | ||
|---|---|---|---|
| 003 | CHAP | ||
| 005 | 20220817040918.0 | ||
| 008 | 971013s1991 r 00010 d | ||
| 010 | _a2588 | ||
| 011 | _a3560 | ||
| 035 | _a2761 | ||
| 040 | _cCHAP | ||
| 090 | _aFolleto 12733 | ||
| 100 | 0 | 0 |
_aAcedo-Rico Gonzalez, Juan. _9417 |
| 245 | _aOrígen de las materias primas para piensos | ||
| 260 |
_aMadrid : _bMinisterio de Agricultura, Pesca y Alimentación, _c1991 |
||
| 300 |
_a20 p. _b: ilus. |
||
| 490 |
_aMinisterio de Agricultura, Pesca y Alimentación. Hojas divulgadoras _v; 14/90 HD |
||
| 500 | _aD46-129 | ||
| 590 |
_aBATCH-UPD _b10 _c20130110 _lUCH01 _h1815 |
||
| 590 |
_aBATCH-UPD _b10 _c20130410 _lUCH01 _h1149 |
||
| 590 |
_aBATCH-UPD _b10 _c20130914 _lUCH01 _h0919 |
||
| 590 |
_aCONVERSION _b10 _c20130109 _lUCH01 _h1303 |
||
| 650 | 1 | 4 |
_aAlimentos y alimentacion del ganado. _94326 |
| 650 | 1 | 4 |
_aCereales como forraje. _921482 |
| 650 | 1 | 4 | _aForrajes. |
| 830 | 0 |
_aMinisterio de Agricultura, Pesca y Alimentación. Hojas divulgadoras _v; 14/90 HD |
|
| 901 | _aBK | ||
| 942 | _cFOLL | ||
| 949 |
_aFolleto 12733 _bBC _cFOLL _d-12268 _eTS1 _i2761 _mD _si |
||
| 949 |
_aFolleto 12733 _bBC _cFOLL _d-72421 _eTS2 _fc.2 _i2761 _mD _si |
||
| 999 |
_c2588 _d2588 |
||